Piłkarze Reprezentacji Togo - nagła śmierć - Statystyki

Ogólne statystyki
  • Ten quiz został rozwiązany 7 razy
  • Średni wynik to 4 z 8
Answers on the Grid
Answers color-coded by a green-red scale on the quiz's grid according to % correct below.
Floyd Ayité
Pierre Webó
Kossi Agassa
Asamoah Gyan
Emmanuel Adebayor
Didier Zokora
Jean-Paul Abalo
Dakonam Djene
Aboubakar Kamara
Alaixys Romao
Mama Baldé
Kodjo Laba
Luc Abalo
Kévin Denkey
 
Statystyki odpowiedzi
Odpowiedź % Poprawnych
Emmanuel Adebayor
100%
Dakonam Djene
57%
Floyd Ayité
57%
Kossi Agassa
57%
Alaixys Romao
29%
Jean-Paul Abalo
29%
Kévin Denkey
29%
Kodjo Laba
29%
Nie znaleziono quizów pasujących do podanych kryteriów
Rozkład punktacji
Procent ludzi z każdym wynikiem
Percentyl według liczby udzielonych odpowiedzi
Twoja historia wyników
Nie rozwiązałeś tego quizu